000 00614nam a22001937a 4500
999 _c18759
_d18759
003 AR-CdUCM
008 190515b ||||| |||| 00| 0 spa d
040 _aMUNICIPALIDAD PROVINCIAL DEL CUSCO
_cBIBLIOTECA MUNICIPAL DEL CUSCO
082 _a920 /
_bL734
245 _aLlegaron los Rusos! :
_bdiario anónimo de una mujer Berlín, 1945 /
260 _aArgentina :
_bAmericana,
_c1956.
300 _a207 paginas ;
_c29 cm.
505 _aContenido : Biografia
650 _aBiografías
_9148
650 _aMujeres
_93760
650 _aDiario e una mujer
_939541
942 _2ddc
_cLIBROS
945 _awnts
_d2019-05-15